| 000 | 00698cab a2200217 4500 | ||
|---|---|---|---|
| 001 | ABS51197 | ||
| 008 | 090401t1994 xxu||||| |||| 00| 0 eng d | ||
| 035 | _a(Sirsi) u14531 | ||
| 041 | _aeng | ||
| 100 | _aPowell-Smith, V. | ||
| 245 | _aBetter than GC/Works/1 | ||
| 260 | _c1994 | ||
| 350 | _a0 | ||
| 490 |
_aContract Journal _v375(5988) 18 August 1994, 9(1) |
||
| 520 | _aContinues an examination of PSA/1 which the author considers is a better alternative to a National Engineering Contract, recommended in the Latham report. | ||
| 650 | _aGC/WORKS/1 | ||
| 650 | _aPSA/1 WITH QUANITITES 1994 | ||
| 690 | _aBUILT ENVIRONMENT-BUILDING CONTRACT FORMS | ||
| 942 | _n0 | ||
| 948 | _c04/03/1997 | ||
| 999 |
_c9478 _d9478 |
||